000 01201nam a22002057a 4500
003 OSt
005 20260511094738.0
008 260424b |||||||| |||| 00| 0 eng d
020 _a9786277651022
040 _aKenya National Library Service
082 _a813.6 WAR
100 _aWard, Randi D.
245 _aWandering no more :
_bexploring life's journey is thrilling yet tough, finding your path means you have successfully fulfilled your destiny at last /
_cRandi D. Ward.
300 _axiv, 239 pages ;
_c21 cm
520 _aThe book is an inspirational African animal story but it is also about the love of a young couple and their family, true friendship, genuine moral values and kindness, successful business practices and Kenyan, British and American cultures. The story centers on overcoming uncertainty and finding purpose through travel, friendship, and life-changing experiences. As the characters face challenges in unfamiliar places, they learn important lessons about resilience, connection, and protecting the world around them.
650 _aIntercultural friendship — Fiction
650 _aAnimal conservation — Fiction
942 _2ddc
_cBK
_n0
999 _c492379
_d492379